000 00619nam a2200241Ia 4500
003 OSt
005 20221007100328.0
006 a|||||r|||| 00| 0
007 ta
008 221006b |||||||| |||| 00| 0 eng d
024 _a4,248
037 _cTextual
040 _aLCO
_cLCO
_beng
041 _2eng
_aeng
082 _aR65-6893,0, G1
100 _aHUME R E
_9701525
245 0 _aThirteen principal Upanishads
260 _aOxford
_bOxford Uni. Press.
_c1977
300 _a587
650 _aUPNISHAD
_9701526
942 _hR65-6893,0, G1
_cTEXL
999 _c1173811
_d1173811